| 000 | 00377nam a22001577a 4500 | ||
|---|---|---|---|
| 003 | JO-AjAnu | ||
| 005 | 20241022085254.0 | ||
| 008 | 241020b jo ||||| |||| 00| 0 ara d | ||
| 020 | _a3-2183-5713-7-978 | ||
| 040 | _cJO-AjAnu | ||
| 245 | _aVR Panorama : rendering of interior design | ||
| 260 | _c2022 | ||
| 300 | _a304: pages | ||
| 650 | _vPanorama | ||
| 942 |
_2lcc _cREF _n0 |
||
| 999 |
_c33792 _d33792 |
||